000 00505 a2200193 4500
005 20240520121946.0
010 _aB-759113
020 _a9789354717406
_c499.00
035 _aB-759113
037 _bGift
082 _aN
100 _aLawrence, Patrice
_966446
245 _aThe Case Of The Chaqs Monster/
_cPatrice Lawrence
260 _aLondon
_bScholastic
_c2023
270 _aLondon
_bLondon
300 _a418 p.
_c20 cm(Pb)
942 _adpl
_cCH
_2ddc
_hN
_mLAW
999 _c203006
_d203006